000 00683nam a2200205Ia 4500
003 GCL
008 140319s9999 xx 000 0 ara d
040 _aGCL /
_cGCL
082 0 4 _a214
_bس ش
100 1 _aسالم البهنساوى
245 1 0 _aشبهات حول الفكر الاسلامى المعاصر /
_cسالم البهنساوى
250 _aالرابعة
260 _aالقاهرة :
_bدار الوفاء للطباعة والنشر والتوزيع ،
_c1991
300 _a349 ص ؛
_c19 سم
490 _a
650 0 4 _aالاسلام
650 0 4 _aدفع المطاعن عن الاسلام
650 0 4 _aالفكر الاسلامى
942 _2ddc
_cBK
999 _c46726
_d46726